Polsko-český slovník

Salvato in:
Dettagli Bibliografici
Autore principale: Oliva, Karel
Natura: Libro
Lingua:polacco
ceco
Pubblicazione: Praha ACADEMIA 1999
Edizione:2. vyd.
Soggetti:
Tags: Aggiungi Tag
Nessun Tag, puoi essere il primo ad aggiungerne!!

MARC

LEADER 00000nam a2200000 4500
001 c116650
005 20240104114523.0
020 |a 80-200-0728-8 
041 0 |a pol 
041 0 |a cze 
044 |a CZ 
245 1 0 |a Polsko-český slovník  |c Karel Oliva ... [et al.] 
250 |a 2. vyd. 
264 1 |a Praha  |b ACADEMIA  |c 1999 
300 |a 746 s. 
610 2 0 |a jazykoveda 
610 2 0 |a terminológia 
100 1 |a Oliva, Karel